Ron DeSantis Governor Quiz - Statistics

General Stats
  • This quiz has been taken 42 times
  • The average score is 8 of 12
Answer Stats
Hint Answer % Correct
DeSantis managed to win the gubernatorial election during this blue wave year 2018
95%
DeSantis was deployed to this country while serving in the military Iraq
88%
DeSantis announced his candidacy for US Senate 2016, before dropping out when this person decided to run. Marco Rubio
80%
DeSantis succeeded this United States senator as Governor Rick Scott
80%
DeSantis played this sport in college and was the captain of the varsity team Baseball
78%
DeSantis earned his J.D. at this prestigious school in 2005 Harvard
75%
DeSantis went to ____ after graduating from high school, where he graduated with a B.A. in history. Yale
68%
DeSantis defeated this Mayor of Tallahasee in the above year to win his first term as governor Andrew Gillum
65%
When DeSantis defeated the above, he won by this many votes (To the nearest 10,000) 30,000
58%
This famous NIAID director confirmed community spread in Florida three weeks before DeSantis issued a stay at home order Anthony Fauci
53%
Trump and DeSantis decided to cancel the 2020 RNC which was set to be in this city Jacksonville
53%
DeSantis voiced support for giving voting rights for ______, which passed in 2018 Felons
43%
No matching quizzes found
Score Distribution
Percent of People with Each Score
Percentile by Number Answered
Your Score History
You have not taken this quiz